[Event "Challenge"]
[Site "http://www.queenalice.com/game.php?id=1438166"]
[Date "2016.8.28"]
[Round "-"]
[White "Dogie"]
[Black "chessplayer123"]
[Result "0-1"]
[WhiteElo "1788"]
[BlackElo "1770"]

1. e4 e5 2. Nf3 d6 3. Nc3 Nf6 4. a3 Nc6 5. Bb5 Bd7 6. O-O Be7 7. d4 exd4 8. Nxd4
Nxd4 9. Bxd7+ Qxd7 10. Be3 Ne6 11. Nd5 c6 12. Nxe7 Qxe7 13. Qd3 O-O 14. Bg5 h6
15. Bh4 Nf4 16. Qd2 g5 17. Bg3 Qxe4 18. Bxf4 Qxf4 19. Qxf4 gxf4 20. f3 d5 21.
Rfe1 Rfe8 22. Red1 Re2 23. Rac1 Rae8 24. Kf1 Kg7 25. b3 Kg6 26. c3 Nd7 27. Re1
Rxe1+ 28. Rxe1 Rxe1+ 29. Kxe1 Kf5 30. Kd2 Ke5 31. b4 f5 32. Kd3 h5 33. a4 h4 34.
c4 Nb6 35. cxd5 Kxd5 36. a5 Nc4 37. Kc3 Ne3 38. Kd3 Nxg2 39. h3 b5 40. axb6 axb6
41. Kc3 b5 42. Kd3 Ne1+ 43. Ke2 Nc2 44. Kd3 Nxb4+ 45. Kc3 c5 46. Kb3 Nd3 0-1

[Event "Challenge"]
[Site "http://www.queenalice.com/game.php?id=1439103"]
[Date "2016.9.2"]
[Round "-"]
[White "Dogie"]
[Black "alexraponi"]
[Result "1/2-1/2"]
[WhiteElo "1783"]
[BlackElo "1898"]

1. e4 e5 2. Nf3 Bd6 3. Nc3 Nf6 4. Bc4 Ng4 5. d4 h6 6. Be3 Nxe3 7. fxe3 Nc6 8. d5
Na5 9. Qd3 Nxc4 10. Qxc4 a6 11. O-O-O b5 12. Qd3 O-O 13. Kb1 f6 14. h3 Bc5 15.
g4 d6 16. Nh4 Qe8 17. Nf5 Bxf5 18. exf5 Bb6 19. e4 Bd4 20. Rde1 b4 21. Ne2 Qa4
22. Nxd4 exd4 23. Qxd4 Qb5 24. Qe3 a5 25. Rd1 a4 26. Qd3 Qb6 27. Qc4 b3 28. cxb3
axb3 29. Qxb3 Qf2 30. Qc3 Qa7 31. Qb3 Rfb8 32. Qc4 Qf2 33. Qc3 Rb5 34. Rd2 Qb6
35. b3 Ra3 36. Kb2 Rba5 37. Ra1 Qa7 38. Kb1 Qg1+ 39. Kb2 Qa7 40. Kb1 Rc5 41. Qb2
Rca5 42. Qc3 Kh7 43. Rc2 Rc5 44. Qd2 Rxc2 45. Qxc2 Ra5 46. Qc6 Rc5 47. Qe8 Qa6
48. Qg6+ Kg8 49. Qe8+ Kh7 50. Qg6+ Kg8 51. Qe8+ Kh7 1/2-1/2

[Event "Challenge"]
[Site "http://www.queenalice.com/game.php?id=1439841"]
[Date "2016.9.5"]
[Round "-"]
[White "chessplayer123"]
[Black "Dogie"]
[Result "0-1"]
[WhiteElo "1779"]
[BlackElo "1773"]

1. Nf3 d5 2. d4 Nf6 3. Bg5 e6 4. Ne5 Nc6 5. f4 Be7 6. e3 Nxe5 7. fxe5 Ne4 8.
Bxe7 Qxe7 9. Qd3 O-O 10. Nc3 Nxc3 11. Qxc3 c6 12. O-O-O Bd7 13. Kb1 f6 14. exf6
Rxf6 15. Bd3 Raf8 16. g4 b6 17. h4 Rf3 18. g5 g6 19. h5 Qxg5 20. hxg6 hxg6 21.
a3 Rxe3 22. Rdg1 Rg3 23. Rxg3 Qxg3 24. Rh6 Rf6 25. Rh7 Kxh7 26. Ka2 Rf3 27. Qb4
Qg5 28. Qd6 Rf7 29. Qh2+ Kg7 30. b4 Qf4 31. Qg2 Rf6 0-1

[Event "Challenge"]
[Site "http://www.queenalice.com/game.php?id=1439842"]
[Date "2016.9.5"]
[Round "-"]
[White "Dogie"]
[Black "chessplayer123"]
[Result "1-0"]
[WhiteElo "1755"]
[BlackElo "1797"]

1. e4 e5 2. Nf3 d5 3. exd5 Qxd5 4. Nc3 Qd8 5. Qe2 Bd6 6. Nxe5 Bxe5 7. Qxe5+ Kf8
8. Be2 c6 9. d3 Nf6 10. Bg5 Nbd7 11. Qd6+ Kg8 12. O-O-O h5 13. Bf3 Qb6 14. Be3
c5 15. Qxb6 axb6 16. Kb1 Ne5 17. Be2 Bg4 18. f3 Be6 19. Nb5 Bxa2+ 20. Kc1 Be6
21. Na3 Nd5 22. Bd2 Nc6 23. c3 Na5 24. Kb1 Nb3 25. c4 Nxd2+ 26. Rxd2 Rh6 27.
cxd5 Bxd5 28. d4 cxd4 29. Rxd4 Rd6 30. Bc4 Be4+ 31. Rxe4 1-0

[Event "chessplayer123"]
[Site "http://www.queenalice.com/game.php?id=1442309"]
[Date "2016.9.21"]
[Round "1"]
[White "fabricioprado"]
[Black "Dogie"]
[Result "0-1"]
[WhiteElo "1741"]
[BlackElo "1786"]

1. e4 e5 2. Nf3 Nc6 3. Bb5 a6 4. Ba4 Nf6 5. O-O Be7 6. Nc3 d6 7. Re1 Bd7 8. d3
b5 9. Bb3 O-O 10. a3 Bg4 11. Bg5 Nd4 12. Re3 c5 13. h3 Bh5 14. Ne2 Nxb3 15. cxb3
d5 16. Nxe5 d4 17. Rg3 Qd6 18. Nf3 Bxf3 19. gxf3 Nh5 20. Rg2 Bxg5 21. Rxg5 Nf4
22. Ng3 Nxh3+ 23. Kg2 Nxg5 24. Nf5 Qe6 25. Qh1 Rfe8 26. Qh4 Qg6 27. Qg4 h6 28.
f4 h5 29. Qxg5 Qxg5+ 30. fxg5 g6 31. Nh4 Rac8 32. f4 Kg7 33. Kg3 c4 34. bxc4
bxc4 35. Rd1 cxd3 36. Rxd3 Rxe4 37. Nf3 Rd8 38. Ne5 Re3+ 39. Rxe3 dxe3 40. Kf3
Re8 41. Kxe3 f6 42. gxf6+ Kxf6 43. Kd4 Kf5 0-1

[Event "chessplayer123"]
[Site "http://www.queenalice.com/game.php?id=1442327"]
[Date "2016.9.21"]
[Round "3"]
[White "BALASH"]
[Black "Dogie"]
[Result "0-1"]
[WhiteElo "1443"]
[BlackElo "1781"]

1. e4 e5 2. Nf3 Nc6 3. Bc4 Nf6 4. Nc3 Bc5 5. h3 d6 6. d3 O-O 7. a3 a6 8. O-O b5
9. Ba2 g6 10. Bg5 Kg7 11. Ne2 Qe7 12. Qd2 Re8 13. c3 Be6 14. Bxe6 Qxe6 15. Bh6+
Kh8 16. Bg5 Nh5 17. b4 Bb6 18. Be3 Bxe3 19. Qxe3 f6 20. Ng3 Nxg3 21. fxg3 Kg7
22. Kh2 a5 23. Qd2 axb4 24. Nh4 bxa3 25. Rfb1 Ra5 26. c4 bxc4 27. Nf3 cxd3 28.
Qxd3 a2 29. Rb2 h6 30. Qc2 Rea8 31. Nd2 R8a6 32. Nc4 Rc5 33. Qe2 Qxc4 34. Qd2
Nd4 35. Qd1 Rca5 36. h4 c6 37. Rb7+ Kg8 38. Rb8+ Kf7 39. Rb7+ Ke8 40. Rb8+ Kd7
41. Rb7+ Kc8 42. Re7 Nb3 43. Re8+ Kc7 44. Re7+ Kb6 45. Qg1+ c5 46. Rh7 Nxa1 47.
Rxh6 Nc2 48. Rxg6 a1=Q 49. Qf2 Qcf1 50. Qxf1 Qxf1 51. Kh3 Ne3 52. h5 Qh1# 0-1

[Event "chessplayer123"]
[Site "http://www.queenalice.com/game.php?id=1442336"]
[Date "2016.9.21"]
[Round "4"]
[White "Dogie"]
[Black "digger"]
[Result "1-0"]
[WhiteElo "1776"]
[BlackElo "1569"]

1. e4 e5 2. Nf3 d6 3. Nc3 Nc6 4. d4 Bg4 5. Be2 exd4 6. Nxd4 Bxe2 7. Ncxe2 Qd7 8.
Be3 O-O-O 9. O-O f6 10. c3 a6 11. a3 h6 12. b4 Nxd4 13. Qxd4 b6 14. Ng3 Ne7 15.
Rac1 Kb7 16. Rfd1 Nc6 17. Qd2 Ne5 18. h3 Nc4 19. Qd5+ c6 20. Qxc4 Qc7 21. Nf5 h5
22. Bf4 g6 23. Ne3 g5 24. Bh2 Be7 25. Nf5 Rh7 26. Nxe7 Rd7 27. Nf5 b5 28. Qd4
Rhf7 29. Nxd6+ Kb8 30. Nxf7 Rxd4 31. Bxc7+ Kxc7 32. Rxd4 Kc8 33. Rcd1 c5 34.
Rd8+ Kc7 35. R1d6 cxb4 36. axb4 h4 37. R8d7+ Kc8 38. Re7 g4 39. Rd8# 1-0

[Event "chessplayer123"]
[Site "http://www.queenalice.com/game.php?id=1442345"]
[Date "2016.9.21"]
[Round "5"]
[White "cyrano"]
[Black "Dogie"]
[Result "0-1"]
[WhiteElo "1638"]
[BlackElo "1784"]

1. e4 e5 2. d3 Nf6 3. f3 Nc6 4. g4 h6 5. h4 d5 6. Nc3 d4 7. Nce2 Be6 8. a3 Be7
9. b4 a6 10. Bd2 O-O 11. g5 Nh7 12. Ng3 hxg5 13. hxg5 Bxg5 14. Bxg5 Qxg5 15.
N1e2 Qe3 16. Bg2 Ng5 17. Qd2 Ne7 18. Qxe3 dxe3 19. O-O-O Rad8 20. Rh5 f6 21.
Rdh1 Kf7 22. f4 exf4 23. Nxf4 Bg4 24. R5h4 Bc8 25. Re1 Rfe8 26. Rxe3 Ng6 27.
Nxg6 Kxg6 28. Nh5 Rh8 29. Nf4+ Kf7 30. Rh5 Bg4 31. Rxh8 Rxh8 32. Rg3 Rh4 33. Nd5
c6 34. Ne3 Be6 35. Nf5 Bxf5 36. exf5 Rf4 37. Kb2 Rxf5 38. d4 Ne6 39. Bh3 Rg5 40.
Re3 Nxd4 41. Bc8 Nf5 42. Bxb7 Nxe3 43. Bxa6 Rg2 44. Kc3 Rxc2+ 45. Kd3 Ra2 46.
Kxe3 Rxa3+ 47. Kd4 Rxa6 48. Kc5 g5 49. Kd4 Ra3 50. Kc5 Rb3 51. Kc4 Re3 52. Kc5
g4 53. Kxc6 g3 54. b5 g2 55. b6 g1=Q 56. b7 Qc1+ 57. Kb6 Rb3+ 58. Ka7 Qa3+ 59.
Kb8 Qd6+ 60. Ka7 Ra3# 0-1

[Event "Challenge"]
[Site "http://www.queenalice.com/game.php?id=1446125"]
[Date "2016.10.17"]
[Round "-"]
[White "ORNELAS"]
[Black "Dogie"]
[Result "1-0"]
[WhiteElo "1540"]
[BlackElo "1808"]

1. b3 e5 2. Bb2 Nc6 3. e4 Nf6 4. d3 Bc5 5. a3 Bb6 6. Nf3 O-O 7. a4 d6 8. Nbd2
Qe7 9. c3 Bg4 10. b4 a6 11. a5 Ba7 12. Be2 Rad8 13. O-O Qd7 14. Nh4 Bxe2 15.
Qxe2 Qe6 16. Ndf3 h6 17. Nf5 Ne7 18. N3h4 Nh7 19. Qg4 Nxf5 20. exf5 Qf6 21. d4
Ng5 22. Bc1 exd4 23. cxd4 Bxd4 24. Rb1 Rfe8 25. Bxg5 hxg5 26. Nf3 Be5 27. Nxg5
g6 28. fxg6 Qxg6 29. Rb3 Re7 30. Rh3 f5 31. Qh4 d5 32. f4 Bd4+ 33. Kh1 Bf6 34.
Qg3 Rde8 35. Nh7 Qxg3 36. Nxf6+ Kf7 37. Rxg3 Re1 38. Rf3 Kxf6 39. Kg1 Rxf1+ 40.
Rxf1 Re4 41. h3 Rxb4 42. h4 Kg6 43. Rf3 Kh5 44. Kh2 Ra4 45. Rg3 Rxa5 46. Kh3 Ra1
47. Rg5+ Kh6 48. h5 Rh1+ 49. Kg3 Rd1 50. Rxf5 d4 51. Kg4 b6 52. Rf6+ Kg7 53.
Rg6+ Kh7 54. f5 Re1 55. Kg5 d3 56. Rh6+ Kg7 57. f6+ Kf7 58. Rh7+ Kg8 59. Kg6 Re3
60. f7+ Kf8 61. Rh8+ Ke7 62. f8=Q+ Kd7 63. Qd8+ Kc6 64. Re8 Rg3+ 65. Kf5 a5 66.
Re6+ Kb7 67. Qd5+ Ka6 68. Qc4+ Kb7 69. Qc6+ Ka6 70. Qxc7 d2 71. Qxb6# 1-0

[Event "Challenge"]
[Site "http://www.queenalice.com/game.php?id=1446954"]
[Date "2016.10.23"]
[Round "-"]
[White "alexraponi"]
[Black "Dogie"]
[Result "1-0"]
[WhiteElo "1866"]
[BlackElo "1788"]

1. d4 d5 2. Bf4 Nf6 3. h3 Nc6 4. a3 Bf5 5. Nc3 e6 6. Nb5 Bd6 7. Bxd6 cxd6 8. Nf3
O-O 9. e3 e5 10. Be2 Re8 11. O-O a6 12. Nc3 e4 13. Nh2 Be6 14. Ng4 b5 15. Nxf6+
Qxf6 16. Bg4 b4 17. axb4 Nxb4 18. Ra4 a5 19. Bxe6 Qxe6 20. Ne2 Qd7 21. b3 Rec8
22. c3 Nd3 23. Qb1 Qc7 24. f3 Qd7 25. fxe4 dxe4 26. c4 Rcb8 27. Qc2 Nb4 28. Qxe4
Re8 29. Qf3 Ra7 30. d5 Nd3 31. Nf4 Ne5 32. Qe2 Rc8 33. Rfa1 Rc5 34. Nd3 Nxd3 35.
Qxd3 Qd8 36. b4 Rcc7 37. Rxa5 Qb8 38. Rxa7 Rxa7 39. Rxa7 Qxa7 40. Qc3 Qa4 41. b5
Qa7 42. Qd4 Qa5 43. b6 Qa8 44. Qb2 Qb7 45. Qb5 g6 46. Qc6 1-0

[Event "AUTO-OPEN-3778"]
[Site "http://www.queenalice.com/game.php?id=1469127"]
[Date "2017.3.17"]
[Round "1"]
[White "Dogie"]
[Black "chessplayer123"]
[Result "1-0"]
[WhiteElo "1761"]
[BlackElo "1797"]

1. e4 e5 2. Nf3 d6 3. Nc3 Nc6 4. Bb5 Bd7 5. O-O Nf6 6. Qe2 Be7 7. a3 O-O 8. Bc4
Nd4 9. Nxd4 exd4 10. Nd5 Nxd5 11. Bxd5 c6 12. Bc4 b5 13. Bb3 a5 14. d3 Kh8 15.
Qh5 f5 16. Bf7 Rxf7 17. Qxf7 Bf6 18. Qh5 fxe4 19. dxe4 Qc8 20. Bf4 Bg4 21. Qf7
Be2 22. Rfe1 Bc4 23. Qh5 Qd7 24. b3 Bf7 25. Qf3 Re8 26. Rac1 Bg6 27. Re2 Qe6 28.
Rce1 Be5 29. Bxe5 dxe5 30. Qd3 Qg4 31. f3 Qg5 32. c3 dxc3 33. Qxc3 Rc8 34. Qxa5
Qf6 35. Qa6 Qe6 36. Rd1 Re8 37. Red2 h6 38. b4 Qc4 39. Rd6 Qb3 40. Rf1 c5 41.
Rxg6 1-0

[Event "AUTO-OPEN-3778"]
[Site "http://www.queenalice.com/game.php?id=1469128"]
[Date "2017.3.17"]
[Round "1"]
[White "chessplayer123"]
[Black "Dogie"]
[Result "1-0"]
[WhiteElo "1818"]
[BlackElo "1775"]

1. e4 e5 2. Bc4 Nf6 3. Nf3 h6 4. d3 d6 5. c3 Bg4 6. Be3 Be7 7. Nbd2 Nc6 8. Nf1
a6 9. Bd2 Qd7 10. Ne3 Bh5 11. Qc2 Bxf3 12. gxf3 O-O 13. a3 Qh3 14. O-O-O Qxf3
15. Rdf1 b5 16. Ba2 g6 17. Nd5 Nxd5 18. Bxd5 Nd4 19. cxd4 h5 20. Bxa8 Rxa8 21.
d5 Rc8 22. Kb1 Bh4 23. Be3 Bd8 24. Qc6 Be7 25. Qxa6 Qe2 26. Qxc8+ Kg7 27. Qxc7
Qxd3+ 28. Ka2 1-0

[Event "AUTO-OPEN-3778"]
[Site "http://www.queenalice.com/game.php?id=1469129"]
[Date "2017.3.17"]
[Round "1"]
[White "Dogie"]
[Black "TITAN10"]
[Result "1-0"]
[WhiteElo "1776"]
[BlackElo "1757"]

1. e4 c6 2. Nf3 d5 3. exd5 cxd5 4. d4 Nc6 5. Bb5 a6 6. Ba4 Nf6 7. O-O e6 8. Bg5
Be7 9. Ne5 Qc7 10. Nxc6 bxc6 11. c3 O-O 12. Nd2 Rb8 13. b4 Bd7 14. a3 Rfe8 15.
Nf3 Ne4 16. Bxe7 Rxe7 17. Qd3 f6 18. Qxa6 Ree8 19. Qd3 Ra8 20. Bc2 Bc8 21. Qe3
Nd6 22. Qf4 Ba6 23. Rfe1 Rac8 24. Qd2 Nc4 25. Qd1 Ra8 26. Rb1 Bc8 27. Bd3 Nxa3
28. Ra1 Bd7 29. Qc1 Nb5 30. Bxb5 cxb5 31. Qb2 Qb7 32. Ra5 Rxa5 33. bxa5 Qa6 34.
Ra1 Ra8 35. Nd2 Qb7 36. Nb3 Bc8 37. Nc5 Qc6 38. Qb4 e5 39. h3 g6 40. Kh2 h6 41.
g3 Kh7 42. f3 h5 43. g4 h4 44. Nd3 exd4 45. Qe7+ Kh6 46. Nb4 Qd7 47. Qf8+ Qg7
48. Qc5 dxc3 49. Qxc3 Be6 50. Qc6 Rb8 51. Qxe6 Qc7+ 52. Kg2 Kg7 53. Qxd5 Qg3+
54. Kf1 Qxh3+ 55. Ke2 Qg2+ 56. Ke3 Re8+ 57. Kd3 Rf8 58. a6 h3 59. a7 1-0

[Event "AUTO-OPEN-3778"]
[Site "http://www.queenalice.com/game.php?id=1469130"]
[Date "2017.3.17"]
[Round "1"]
[White "TITAN10"]
[Black "Dogie"]
[Result "1-0"]
[WhiteElo "1725"]
[BlackElo "1789"]

1. e4 e5 2. Nf3 Nc6 3. c3 Nf6 4. d3 d5 5. Bg5 dxe4 6. Bxf6 Qxf6 7. dxe4 Bc5 8.
Bc4 O-O 9. Nbd2 Bg4 10. O-O Rad8 11. Qc2 Qh6 12. Rad1 Bd6 13. Be2 a6 14. Nc4 Be7
15. Ne3 Bd7 16. Nd5 Qg6 17. Kh1 Bd6 18. Qd2 Ne7 19. Nxe7+ Bxe7 20. Qc2 Bc6 21.
Bd3 Rd6 22. Nxe5 Qg5 23. Nf3 Qa5 24. b3 Bf6 25. Rc1 Rd7 26. Be2 Bxc3 27. Qxc3
Qh5 28. Qc2 Re7 29. Bd3 Rfe8 30. Rfe1 Re6 31. Nd4 Rh6 32. h3 Qg5 33. Nf3 Qg6 34.
e5 Qe6 35. Qe2 Re7 36. Qf1 Rxh3+ 37. gxh3 Bxf3+ 38. Kh2 Qh6 39. Qg1 c6 40. Qg3
Bd5 41. f4 f6 42. Bc4 Bxc4 43. bxc4 fxe5 44. fxe5 b6 45. Rcd1 Re8 46. e6 Qf6 47.
e7 Rxe7 48. Rxe7 Qxe7 49. Qb8+ Kf7 50. Rf1+ Kg6 51. Qg3+ Kh6 52. Qf4+ Kh5 53.
Rg1 Qe2+ 54. Rg2 Qe7 55. Qf5+ Kh6 56. Qf4+ Kh5 57. Rd2 g5 58. Qg4+ Kg6 59. Qg3
h6 60. Qd6+ 1-0

[Event "AUTO-OPEN-3778"]
[Site "http://www.queenalice.com/game.php?id=1469131"]
[Date "2017.3.17"]
[Round "1"]
[White "Dogie"]
[Black "andrevillares"]
[Result "0-1"]
[WhiteElo "1791"]
[BlackElo "2166"]

1. e4 c6 2. d4 d5 3. Nc3 dxe4 4. Nxe4 Nd7 5. c3 Ngf6 6. Bd3 Nxe4 7. Bxe4 Nf6 8.
Bd3 Bg4 9. Nf3 e6 10. Bg5 Be7 11. Be2 O-O 12. O-O h6 13. Be3 Rc8 14. Ne5 Bxe2
15. Qxe2 Nd5 16. Bd2 Bd6 17. a3 Qh4 18. g3 Qf6 19. Nd7 Qf5 20. Nxf8 Kxf8 21.
Rac1 h5 22. b4 h4 23. Qf3 Qxf3 0-1

[Event "AUTO-OPEN-3778"]
[Site "http://www.queenalice.com/game.php?id=1469132"]
[Date "2017.3.17"]
[Round "1"]
[White "andrevillares"]
[Black "Dogie"]
[Result "1-0"]
[WhiteElo "2165"]
[BlackElo "1778"]

1. d4 d5 2. c4 dxc4 3. e4 e5 4. Nf3 exd4 5. Qxd4 Nc6 6. Qxc4 Bb4+ 7. Bd2 Bxd2+
8. Nbxd2 Be6 9. Qc3 Nf6 10. Bb5 Bd7 11. O-O O-O 12. Rad1 a6 13. Bxc6 Bxc6 14. e5
Nd5 15. Qc2 Qe7 16. Rfe1 Nb4 17. Qb1 Nd5 18. Ne4 Nf4 19. Neg5 Bxf3 20. Qxh7# 1-0

[Event "AUTO-OPEN-3403"]
[Site "http://www.queenalice.com/game.php?id=1551559"]
[Date "2018.12.2"]
[Round "2"]
[White "worldwide"]
[Black "Dogie"]
[Result "0-1"]
[WhiteElo "1903"]
[BlackElo "1806"]

1. e4 e5 2. f4 exf4 3. Nf3 g5 4. b3 Bg7 5. d4 d6 6. Bb2 c5 7. c4 Bg4 8. Be2 Qe7
9. Nbd2 Nc6 10. O-O Nf6 11. d5 Na5 12. Nxg5 Rg8 13. Bxg4 Nxg4 14. Bxg7 Ne3 0-1

[Event "AUTO-OPEN-3403"]
[Site "http://www.queenalice.com/game.php?id=1551560"]
[Date "2018.12.2"]
[Round "2"]
[White "Dogie"]
[Black "worldwide"]
[Result "0-1"]
[WhiteElo "1854"]
[BlackElo "1897"]

1. e4 e5 2. Nf3 d6 3. Nc3 Bg4 4. Be2 Nc6 5. O-O h5 6. d3 h4 7. Bg5 Be7 8. Bxe7
Qxe7 9. Nd5 Qd7 10. Ng5 Bxe2 11. Qxe2 f6 12. Ne6 Rc8 13. Nexc7+ Rxc7 14. Nxc7+
Qxc7 15. c3 g5 16. Qg4 Rh7 17. Qe6+ Nce7 18. Rac1 Rh6 19. b4 f5 20. Qb3 f4 21.
c4 g4 22. c5 g3 23. fxg3 hxg3 24. h3 Kf8 25. a4 a6 26. Rfd1 Nc6 27. b5 Nd4 28.
Qb2 dxc5 29. Kf1 Rb6 30. Rc4 axb5 31. axb5 Rxb5 32. Qa3 Ra5 33. Ra4 Nc2 34. Qa2
Ne3+ 35. Ke2 Nxd1 36. Kxd1 Rxa4 37. Qxa4 Ne7 38. Qa8+ Qc8 39. Qa5 f3 40. Qe1 f2
41. Qe2 Ng6 42. Qf3+ Nf4 43. Kd2 Qd7 44. Ke3 Qd4+ 45. Kd2 Qxd3+ 46. Qxd3 Nxd3
47. Ke2 c4 48. Kf1 c3 0-1